[Event "Hamburg-ch Seniors 65+ op 26th"]
[Site "Hamburg"]
[Date "2019.11.19"]
[Round "9"]
[White "Behrensen Senfft, Joern"]
[Black "Marquardt, Rolf"]
[Result "1/2-1/2"]
[WhiteElo "1681"]
[BlackElo "1817"]
[PlyCount "113"]
[EventDate "2019.11.11"]
[EventType "swiss"]
[EventRounds "9"]
[EventCountry "GER"]
[SourceTitle "EXT 2022"]
[Source "ChessBase"]
[SourceDate "2021.10.06"]
[SourceVersion "1"]
[SourceVersionDate "2021.10.06"]
[SourceQuality "1"]

1. d4 Nf6 2. Nf3 d5 3. e3 Bf5 4. c4 c6 5. cxd5 Nxd5 6. Nc3 Nf6 7. Qb3 Qb6 8. Bc4 Qxb3 9. Bxb3 e6 10. 0-0 Nbd7 11. Re1 Bb4 12. Bd2 0-0 13. a3 Ba5 14. Ba2 Bxc3 15. Bxc3 Be4 16. Bb1 Bxb1 17. Rexb1 Nd5 18. Bd2 f6 19. e4 N5b6 20. Bb4 Rfe8 21. b3 e5 22. dxe5 Nxe5 23. Nxe5 Rxe5 24. Re1 Rae8 25. f3 R5e6 26. Rad1 f5 27. exf5 Rxe1+ 28. Rxe1 Rxe1+ 29. Bxe1 Nd5 30. Bd2 Kf7 31. g4 b5 32. b4 Nb6 33. Kf2 Nc4 34. Bc1 a5 35. Ke2 axb4 36. axb4 Kf6 37. f4 h6 38. h4 h5 39. Kf3 hxg4+ 40. Kxg4 Nd6 41. Bb2+ Kf7 42. h5 Ne4 43. Bd4 Nf6+ 44. Kg5 Nh7+ 45. Kh4 Nf6 46. Be5 Ne4 47. h6 gxh6 48. Kh5 Ng3+ 49. Kxh6 Nxf5+ 50. Kg5 Ne3 51. f5 Nd5 52. Bd6 Nb6 53. Bc5 Nd5 54. Bd6 Nf6 55. Kf4 Nd7 56. Ke4 Kf6 57. Kf4 1/2-1/2

[Event "Hamburg-ch Seniors 65+ op 26th"]
[Site "Hamburg"]
[Date "2019.11.17"]
[Round "7"]
[White "Werner, Joern"]
[Black "Marquardt, Rolf"]
[Result "0-1"]
[WhiteElo "1730"]
[BlackElo "1817"]
[PlyCount "82"]
[EventDate "2019.11.11"]
[EventType "swiss"]
[EventRounds "9"]
[EventCountry "GER"]
[SourceTitle "EXT 2022"]
[Source "ChessBase"]
[SourceDate "2021.10.06"]
[SourceVersion "1"]
[SourceVersionDate "2021.10.06"]
[SourceQuality "1"]

1. e4 e6 2. d4 d5 3. exd5 exd5 4. Nf3 Bd6 5. Nc3 c6 6. Bg5 f6 7. Be3 Ne7 8. h3 0-0 9. Bd3 Bf5 10. Ne2 Qc7 11. Qd2 Re8 12. 0-0 Nd7 13. Rfe1 Nf8 14. Rac1 Nfg6 15. a3 Bxd3 16. Qxd3 Nf4 17. Nxf4 Bxf4 18. Re2 Ng6 19. Rce1 Qd7 20. Qd2 Bd6 21. c3 Re6 22. h4 Rae8 23. h5 Nf8 24. Qd3 Re4 25. Bd2 Rxe2 26. Rxe2 Rxe2 27. Qxe2 Qf5 28. Nh4 Qb1+ 29. Be1 Kf7 30. g3 Ne6 31. Kg2 Ng5 32. f3 Ne6 33. Bf2 Bf4 34. Kh2 Bc1 35. c4 Qxb2 36. Qxb2 Bxb2 37. cxd5 cxd5 38. a4 Bxd4 39. Kg2 Bxf2 40. Kxf2 a5 41. Nf5 Nc5 0-1

[Event "Hamburg-ch Seniors 65+ op 26th"]
[Site "Hamburg"]
[Date "2019.11.15"]
[Round "5"]
[White "Hinke, Gerhard"]
[Black "Marquardt, Rolf"]
[Result "0-1"]
[WhiteElo "1511"]
[BlackElo "1817"]
[PlyCount "86"]
[EventDate "2019.11.11"]
[EventType "swiss"]
[EventRounds "9"]
[EventCountry "GER"]
[SourceTitle "EXT 2022"]
[Source "ChessBase"]
[SourceDate "2021.10.06"]
[SourceVersion "1"]
[SourceVersionDate "2021.10.06"]
[SourceQuality "1"]

1. e4 e6 2. d4 d5 3. exd5 exd5 4. Bd3 Bd6 5. Nf3 Ne7 6. 0-0 Bf5 7. c4 Bxd3 8. Qxd3 c6 9. cxd5 Nxd5 10. Re1+ Be7 11. Nc3 Nxc3 12. bxc3 0-0 13. Qe4 Bf6 14. Ba3 Nd7 15. Bxf8 Nxf8 16. Rab1 Qc7 17. Rb3 Rd8 18. Reb1 b6 19. Re1 g6 20. c4 Ne6 21. Rd3 Qd6 22. Red1 Qb4 23. Ne5 Bxe5 24. Qxe5 Qxc4 25. g3 Qxa2 26. Kg2 Rd5 27. Qf6 Rf5 28. Qxf5 gxf5 29. d5 Nc5 30. R3d2 Qa4 31. d6 Nd7 32. Rd4 Qb3 33. R1d3 Qb2 34. Rd2 Qa3 35. R2d3 Qc5 36. Rd2 b5 37. R4d3 b4 38. Re3 Qb5 39. Re8+ Kg7 40. Re7 c5 41. Rd5 Qc6 42. Rxd7 Qxd5+ 43. f3 b3 0-1

[Event "Hamburg-ch Seniors 65+"]
[Site "Hamburg"]
[Date "2018.11.05"]
[Round "6"]
[White "Blumenberg, Walter"]
[Black "Marquardt, Rolf"]
[Result "1/2-1/2"]
[WhiteElo "1915"]
[BlackElo "1849"]
[PlyCount "74"]
[EventDate "2018.10.31"]
[EventType "swiss"]
[EventRounds "9"]
[EventCountry "GER"]
[SourceTitle "CBM 189 Extra"]
[Source "ChessBase"]
[SourceDate "2019.05.31"]
[SourceVersion "1"]
[SourceVersionDate "2019.05.31"]
[SourceQuality "1"]

1. b4 c6 2. Bb2 Qb6 3. a3 a5 4. c4 axb4 5. c5 Qc7 6. axb4 Rxa1 7. Bxa1 d5 8. Nf3 Nd7 9. Qa4 f6 10. Nd4 Kf7 11. e3 e5 12. Nc2 Ne7 13. Be2 Ng6 14. Bh5 b6 15. d4 b5 16. Qa2 Be7 17. e4 Bb7 18. exd5 cxd5 19. 0-0 Ra8 20. Qb3 Bc6 21. Nc3 Qb7 22. Bb2 Kg8 23. Bf3 Kh8 24. Bxd5 exd4 25. Bxc6 Qxc6 26. Nxd4 Nxc5 27. bxc5 Qxc5 28. Ncxb5 Rb8 29. Rc1 Qg5 30. Qg3 Rxb5 31. Rc8+ Nf8 32. Qxg5 Rxg5 33. Kf1 Kg8 34. Ne6 Ra5 35. Bc3 Rb5 36. Nxf8 Bxf8 37. Ke2 Kf7 1/2-1/2

[Event "Hamburg-ch Seniors 65+"]
[Site "Hamburg"]
[Date "2018.11.02"]
[Round "3"]
[White "Marquardt, Rolf"]
[Black "Falk, Rolf"]
[Result "1-0"]
[WhiteElo "1849"]
[BlackElo "1417"]
[PlyCount "34"]
[EventDate "2018.10.31"]
[EventType "swiss"]
[EventRounds "9"]
[EventCountry "GER"]
[SourceTitle "CBM 189 Extra"]
[Source "ChessBase"]
[SourceDate "2019.05.31"]
[SourceVersion "1"]
[SourceVersionDate "2019.05.31"]
[SourceQuality "1"]

1. d4 d5 2. Bf4 Nf6 3. e3 e6 4. Bd3 Bd6 5. Bg3 Ne4 6. Bxe4 dxe4 7. Qg4 0-0 8. Qxe4 Bxg3 9. hxg3 g6 10. Nd2 Nc6 11. Ngf3 Nb4 12. c3 Nd5 13. 0-0-0 Nf6 14. Qf4 Nd5 15. Qh6 Nf6 16. Ne4 Nh5 17. Rxh5 gxh5 1-0

[Event "Hamburg-ch Seniors 65+"]
[Site "Hamburg"]
[Date "2018.11.01"]
[Round "2"]
[White "Gollasch, Theo Heinz"]
[Black "Marquardt, Rolf"]
[Result "1-0"]
[WhiteElo "2049"]
[BlackElo "1849"]
[PlyCount "150"]
[EventDate "2018.10.31"]
[EventType "swiss"]
[EventRounds "9"]
[EventCountry "GER"]
[SourceTitle "CBM 189 Extra"]
[Source "ChessBase"]
[SourceDate "2019.05.31"]
[SourceVersion "1"]
[SourceVersionDate "2019.05.31"]
[SourceQuality "1"]

1. Nf3 d5 2. g3 Bf5 3. Bg2 c6 4. d4 Nf6 5. 0-0 e6 6. c4 Bxb1 7. Rxb1 Nbd7 8. b3 Be7 9. Nd2 0-0 10. e4 dxe4 11. Nxe4 h6 12. Bb2 Qa5 13. Bc3 Bb4 14. Bxb4 Qxb4 15. Qe2 Nxe4 16. Qxe4 Nf6 17. Qf4 Rfd8 18. Rfd1 Rd7 19. Rd3 Rad8 20. Rbd1 Qa5 21. a4 e5 22. Qe3 exd4 23. Rxd4 Rxd4 24. Rxd4 Qb6 25. c5 Qc7 26. Bf3 Re8 27. Qd3 Qe7 28. b4 a6 29. Kg2 Qe5 30. Rd8 Qe7 31. Rd6 Qe5 32. Qd4 Qxd4 33. Rxd4 Kf8 34. b5 axb5 35. axb5 Rc8 36. bxc6 bxc6 37. Rd6 Ne8 38. Rxc6 Rxc6 39. Bxc6 Nc7 40. Ba4 Ke7 41. Kf3 Na6 42. c6 Kd6 43. Bb3 f6 44. Kf4 Nc7 45. Kf5 Ke7 46. Kg6 Kf8 47. Bc4 Ne8 48. h4 Nc7 49. g4 Ne8 50. Be6 Nc7 51. Kf5 Ke7 52. Bd7 Kf8 53. f4 Ke7 54. g5 hxg5 55. hxg5 fxg5 56. fxg5 Kf7 57. Ke5 Ke7 58. Bf5 Ne8 59. Kd5 Nc7+ 60. Kc5 Ne8 61. Kb6 Kd6 62. Bg6 Nc7 63. Bf7 Na8+ 64. Ka7 Nc7 65. Kb7 Nb5 66. Be8 Nc7 67. Bd7 Nd5 68. Kc8 Ke7 69. Bf5 Nb6+ 70. Kb7 Nc4 71. c7 Nd6+ 72. Kc6 Nxf5 73. c8Q g6 74. Qh8 Kf7 75. Qf6+ Ke8 1-0

[Event "GER-ch Seniors 65"]
[Site "Hamburg"]
[Date "2018.07.28"]
[Round "8"]
[White "Marquardt, Rolf"]
[Black "Boost, Juergen"]
[Result "1-0"]
[WhiteElo "1838"]
[BlackElo "1969"]
[PlyCount "63"]
[EventDate "2018.07.21"]
[EventType "swiss"]
[EventRounds "9"]
[EventCountry "GER"]
[SourceTitle "CBM 186 Extra"]
[Source "ChessBase"]
[SourceDate "2018.08.24"]
[SourceVersion "1"]
[SourceVersionDate "2018.08.24"]
[SourceQuality "1"]

1. d4 d5 2. Bf4 Nf6 3. e3 e6 4. Bd3 c5 5. c3 Nc6 6. Nd2 Bd6 7. Bxd6 Qxd6 8. f4 c4 9. Bc2 b5 10. a3 Bb7 11. Ngf3 Ng4 12. Qe2 f5 13. h3 Nf6 14. Ne5 0-0 15. g4 Ne4 16. Qg2 Nxd2 17. Kxd2 Nxe5 18. fxe5 Qe7 19. gxf5 exf5 20. Raf1 a5 21. Rf4 b4 22. Ra1 bxc3+ 23. bxc3 Kh8 24. Rxf5 Rxf5 25. Bxf5 Bc6 26. Bc2 Rb8 27. Rg1 Rb7 28. Qg5 Qf8 29. Qh4 h6 30. Qg3 Rb2 31. Kc1 Rb7 32. Qg6 1-0

[Event "GER-ch Seniors 65"]
[Site "Hamburg"]
[Date "2018.07.27"]
[Round "7"]
[White "Marquardt, Rolf"]
[Black "Weyand, Fernand"]
[Result "1-0"]
[WhiteElo "1838"]
[BlackElo "1719"]
[PlyCount "45"]
[EventDate "2018.07.21"]
[EventType "swiss"]
[EventRounds "9"]
[EventCountry "GER"]
[SourceTitle "CBM 186 Extra"]
[Source "ChessBase"]
[SourceDate "2018.08.24"]
[SourceVersion "1"]
[SourceVersionDate "2018.08.24"]
[SourceQuality "1"]

1. d4 f5 2. Bg5 d6 3. e3 Nd7 4. Bc4 Ngf6 5. Nc3 Nb6 6. Bb3 e6 7. Nf3 Be7 8. Qd3 Bd7 9. 0-0 Qc8 10. Rfe1 Bc6 11. Bxf6 Bxf3 12. Bxe7 Be4 13. Nxe4 fxe4 14. Qxe4 Kxe7 15. Qh4+ Kd7 16. Qg4 Qe8 17. d5 Qe7 18. dxe6+ Kd8 19. Rad1 Rf8 20. Rd4 Rf6 21. Rf4 Rg6 22. Qh4 d5 23. Rf8# 1-0

[Event "GER-ch Seniors 65"]
[Site "Hamburg"]
[Date "2018.07.26"]
[Round "6"]
[White "Dahlhaus, Friedhelm"]
[Black "Marquardt, Rolf"]
[Result "1-0"]
[WhiteElo "2011"]
[BlackElo "1838"]
[PlyCount "31"]
[EventDate "2018.07.21"]
[EventType "swiss"]
[EventRounds "9"]
[EventCountry "GER"]
[SourceTitle "CBM 186 Extra"]
[Source "ChessBase"]
[SourceDate "2018.08.24"]
[SourceVersion "1"]
[SourceVersionDate "2018.08.24"]
[SourceQuality "1"]

1. e4 e6 2. d4 d5 3. Nd2 c5 4. exd5 exd5 5. Bb5+ Nc6 6. Ngf3 Bd6 7. dxc5 Bxc5 8. 0-0 Nge7 9. Nb3 Bd6 10. Re1 0-0 11. Bg5 h6 12. Bh4 Bf5 13. Nbd4 Qc7 14. Bxc6 g5 15. Rxe7 Bxe7 16. Bg3 1-0

[Event "GER-ch Seniors 65"]
[Site "Hamburg"]
[Date "2018.07.22"]
[Round "2"]
[White "Marquardt, Rolf"]
[Black "Szenetra, Werner"]
[Result "0-1"]
[WhiteElo "1838"]
[BlackElo "2228"]
[PlyCount "90"]
[EventDate "2018.07.21"]
[EventType "swiss"]
[EventRounds "9"]
[EventCountry "GER"]
[SourceTitle "CBM 186 Extra"]
[Source "ChessBase"]
[SourceDate "2018.08.24"]
[SourceVersion "1"]
[SourceVersionDate "2018.08.24"]
[SourceQuality "1"]

1. d4 g6 2. Bf4 Bg7 3. c3 d6 4. Nf3 Nd7 5. e4 e5 6. Be3 Ngf6 7. Nbd2 0-0 8. Bd3 b6 9. 0-0 Bb7 10. Re1 h6 11. h3 Nh5 12. Qc2 Qf6 13. Rad1 a6 14. Qc1 c5 15. dxe5 Nxe5 16. Nxe5 dxe5 17. Be2 Nf4 18. Bxf4 exf4 19. Bf3 Qe6 20. b3 Be5 21. Nc4 Rad8 22. Nxe5 Qxe5 23. Rd5 Bxd5 24. exd5 Qf6 25. c4 Rfe8 26. Rd1 Qe5 27. Qd2 Rd6 28. Kf1 a5 29. a4 Kg7 30. Re1 Qxe1+ 31. Qxe1 Rxe1+ 32. Kxe1 f5 33. Ke2 Kf6 34. Kd3 Ke5 35. h4 g5 36. Bh5 Rd7 37. Be8 Rd8 38. Bh5 gxh4 39. Bf3 Rg8 40. Kc3 Rg5 41. Kd3 h3 42. gxh3 Rg1 43. Kd2 Rf1 44. Ke2 Rb1 45. Bh5 Rxb3 0-1

[Event "Hamburg-ch Seniors 23rd"]
[Site "Hamburg"]
[Date "2016.11.04"]
[Round "3"]
[White "Lehr, Thomas"]
[Black "Marquardt, Rolf"]
[Result "1/2-1/2"]
[WhiteElo "1957"]
[BlackElo "1835"]
[PlyCount "48"]
[EventDate "2016.11.02"]
[EventType "swiss"]
[EventRounds "9"]
[EventCountry "GER"]
[SourceTitle "EXT 2019"]
[Source "ChessBase"]
[SourceDate "2018.10.10"]
[SourceVersion "1"]
[SourceVersionDate "2018.10.10"]
[SourceQuality "1"]

1. e4 e6 2. d4 d5 3. Nd2 c5 4. Ngf3 Nc6 5. exd5 exd5 6. c3 Bd6 7. dxc5 Bxc5 8. Nb3 Bb6 9. Bf4 Nge7 10. Be2 0-0 11. Nbd4 Ng6 12. Be3 Re8 13. 0-0 Bg4 14. Re1 Qd7 15. Qd2 Rad8 16. Bf1 Nge5 17. Nxe5 Rxe5 18. Bg5 Rde8 19. Rxe5 Rxe5 20. h3 Bh5 21. Bf4 Re4 22. Bd3 Re8 23. Bf5 Qe7 24. Be3 Bg6 1/2-1/2

[Event "Hamburg-ch Seniors 22nd"]
[Site "Hamburg"]
[Date "2015.11.05"]
[Round "9"]
[White "Brakelmann, Peter"]
[Black "Marquardt, Rolf"]
[Result "0-1"]
[WhiteElo "1647"]
[BlackElo "1828"]
[PlyCount "94"]
[EventDate "2015.10.28"]
[EventType "swiss"]
[EventRounds "9"]
[EventCountry "GER"]
[SourceTitle "EXT 2018"]
[Source "ChessBase"]
[SourceDate "2017.10.13"]
[SourceVersion "1"]
[SourceVersionDate "2017.10.13"]
[SourceQuality "1"]

1. c4 e6 2. Nc3 d5 3. e3 Nf6 4. d4 c6 5. Bd3 Nbd7 6. Nf3 Bd6 7. h3 0-0 8. 0-0 Re8 9. e4 dxe4 10. Nxe4 Be7 11. Re1 h6 12. Bf4 Nf8 13. Qc2 Nxe4 14. Bxe4 Bd6 15. Bxd6 Qxd6 16. Rad1 Qc7 17. Re3 Bd7 18. Ne5 Re7 19. Rg3 Be8 20. Qd2 f6 21. Ng4 f5 22. Nf6+ Kf7 23. Nh5 Kg8 24. Bf3 Nh7 25. Qxh6 Qxg3 26. Qxh7+ Kxh7 27. Nxg3 Rd8 28. Re1 g6 29. d5 e5 30. Rd1 Red7 31. Nf1 cxd5 32. Bxd5 Bf7 33. Ne3 Bxd5 34. Nxd5 Kg7 35. f3 b5 36. b3 bxc4 37. bxc4 Rc8 38. Re1 Rxc4 39. Rxe5 Rc1+ 40. Kh2 Rc5 41. Re7+ Rxe7 42. Nxe7 Kf7 43. Nxg6 Kxg6 44. h4 f4 45. Kh3 Kh5 46. g4+ fxg3 47. Kxg3 Rc4 0-1

[Event "Hamburg-ch Seniors 22nd"]
[Site "Hamburg"]
[Date "2015.11.01"]
[Round "6"]
[White "Marquardt, Rolf"]
[Black "Hotze, Kurt"]
[Result "1-0"]
[WhiteElo "1828"]
[BlackElo "1738"]
[PlyCount "55"]
[EventDate "2015.10.28"]
[EventType "swiss"]
[EventRounds "9"]
[EventCountry "GER"]
[SourceTitle "EXT 2018"]
[Source "ChessBase"]
[SourceDate "2017.10.13"]
[SourceVersion "1"]
[SourceVersionDate "2017.10.13"]
[SourceQuality "1"]

1. d4 Nf6 2. Bf4 d6 3. e3 g6 4. Bd3 Bg7 5. c3 0-0 6. Nd2 Nbd7 7. Ngf3 Re8 8. Bc4 e5 9. Bg5 Nb6 10. Bb3 e4 11. Ng1 d5 12. Ne2 Bg4 13. h3 Bc8 14. Qc2 Qd6 15. a3 a5 16. Ba2 a4 17. 0-0-0 Be6 18. c4 Nxc4 19. Bxc4 dxc4 20. Bxf6 Bxf6 21. Nxe4 Qe7 22. Nf4 b5 23. Nxe6 Qxe6 24. Nxf6+ Qxf6 25. h4 h5 26. Rh3 c6 27. Rdh1 Re4 28. Qxe4 1-0

[Event "Hamburg-ch Seniors 22nd"]
[Site "Hamburg"]
[Date "2015.10.30"]
[Round "3"]
[White "Kock, Rudolf"]
[Black "Marquardt, Rolf"]
[Result "0-1"]
[WhiteElo "1653"]
[BlackElo "1828"]
[PlyCount "110"]
[EventDate "2015.10.28"]
[EventType "swiss"]
[EventRounds "9"]
[EventCountry "GER"]
[SourceTitle "EXT 2018"]
[Source "ChessBase"]
[SourceDate "2017.10.13"]
[SourceVersion "1"]
[SourceVersionDate "2017.10.13"]
[SourceQuality "1"]

1. f4 d5 2. e3 Bf5 3. Nf3 e6 4. Be2 Nf6 5. 0-0 Bd6 6. b3 Nbd7 7. Bb2 h6 8. d3 c6 9. Ne5 Qb6 10. Qd2 Bxe5 11. fxe5 Ng4 12. Bxg4 Bxg4 13. a4 Bf5 14. a5 Qc7 15. d4 f6 16. Rxf5 exf5 17. Qd3 g6 18. c4 fxe5 19. dxe5 Nc5 20. Qc3 Ne6 21. cxd5 cxd5 22. Qxc7 Nxc7 23. Nc3 0-0-0 24. Rc1 Kb8 25. Ne2 Ne6 26. g3 Rc8 27. Bc3 Rc6 28. b4 a6 29. Rd1 Rd8 30. Kf2 Ng5 31. Kf1 Ne6 32. Kf2 Nc7 33. Bd4 Rc4 34. Bc5 Ne6 35. Bd6+ Kc8 36. Rxd5 Rxb4 37. Rd2 Rb5 38. Rc2+ Kd7 39. Nd4 Nxd4 40. exd4 Rc8 41. e6+ Kxd6 42. Rxc8 Kxe6 43. h4 Rxa5 44. Re8+ Kf7 45. Rc8 Rb5 46. Kf3 Kf6 47. Rf8+ Ke7 48. Rh8 h5 49. Kf4 Rb3 50. Rc8 Kf6 51. Rf8+ Kg7 52. Rc8 a5 53. Ra8 b6 54. Ke5 Re3+ 55. Kf4 Re4+ 0-1

[Event "Hamburg Seniors-ch 20th"]
[Site "Hamburg"]
[Date "2013.10.31"]
[Round "2"]
[White "Marquardt, Rolf"]
[Black "Cording, Harm Wilhelm"]
[Result "0-1"]
[WhiteElo "1696"]
[BlackElo "2039"]
[PlyCount "70"]
[EventDate "2013.10.30"]
[EventType "swiss"]
[EventRounds "9"]
[EventCountry "GER"]
[SourceTitle "EXT 2015"]
[Source "ChessBase"]
[SourceDate "2014.11.20"]
[SourceVersion "1"]
[SourceVersionDate "2014.11.20"]
[SourceQuality "1"]

1. d4 Nf6 2. Nf3 c5 3. e3 g6 4. c3 b6 5. Nbd2 Bb7 6. Bd3 Bg7 7. 0-0 0-0 8. Re1 d6 9. b3 Nc6 10. Bb2 Rc8 11. Rc1 e6 12. Qe2 Qe7 13. Ne4 Nxe4 14. Bxe4 d5 15. Bd3 e5 16. dxe5 Nxe5 17. Nxe5 Qxe5 18. Rc2 c4 19. bxc4 dxc4 20. Bxc4 Qe4 21. Bxf7+ Rxf7 22. f3 Qc4 23. Qd2 Bc6 24. Ba1 Rd7 25. Qc1 Rcd8 26. Kf2 Qh4+ 27. Kg1 Qg5 28. Rf2 Ba4 29. e4 Qxc1 30. Rxc1 Bh6 31. Re1 Bd2 32. Ref1 Be3 33. c4 Rd2 34. Bf6 Rxf2 35. Bxd8 Rd2+ 0-1

[Event "Hamburg Seniors op 19th"]
[Site "Hamburg"]
[Date "2012.10.31"]
[Round "8"]
[White "Marquardt, Rolf"]
[Black "Friederichs, Johann"]
[Result "1-0"]
[WhiteElo "1693"]
[BlackElo "1683"]
[PlyCount "83"]
[EventDate "2012.10.24"]
[EventType "swiss"]
[EventRounds "9"]
[EventCountry "GER"]
[SourceTitle "EXT 2015"]
[Source "ChessBase"]
[SourceDate "2014.11.20"]
[SourceVersion "1"]
[SourceVersionDate "2014.11.20"]
[SourceQuality "1"]

1. d4 d5 2. Bf4 Nf6 3. e3 e6 4. Bd3 c5 5. c3 Nc6 6. Nd2 a6 7. Ngf3 b5 8. Ne5 Bb7 9. a3 Be7 10. h3 h6 11. Ndf3 0-0 12. Ng4 Ne4 13. Nfe5 c4 14. Bc2 Bg5 15. Qf3 f5 16. Nxc6 Bxc6 17. Ne5 Be8 18. g3 Be7 19. h4 Nf6 20. h5 a5 21. g4 fxg4 22. Nxg4 Kh8 23. Bg6 Nxg4 24. Qxg4 Bxg6 25. hxg6 Rf5 26. Ke2 Bg5 27. Rag1 Bxf4 28. exf4 Qf6 29. Rh4 Ra7 30. Rgh1 Kg8 31. Kf3 b4 32. Rh5 bxc3 33. bxc3 Rb7 34. Re1 Kf8 35. Rxe6 Qxe6 36. Rxf5+ Ke7 37. Re5 Qxe5 38. fxe5 Rb3 39. Qf5 Rxc3+ 40. Kf4 Rd3 41. Qf7+ Kd8 42. Qxd5+ 1-0

[Event "Hamburg Seniors op 19th"]
[Site "Hamburg"]
[Date "2012.10.30"]
[Round "7"]
[White "Horstmann, Axel"]
[Black "Marquardt, Rolf"]
[Result "0-1"]
[WhiteElo "1514"]
[BlackElo "1693"]
[PlyCount "42"]
[EventDate "2012.10.24"]
[EventType "swiss"]
[EventRounds "9"]
[EventCountry "GER"]
[SourceTitle "EXT 2015"]
[Source "ChessBase"]
[SourceDate "2014.11.20"]
[SourceVersion "1"]
[SourceVersionDate "2014.11.20"]
[SourceQuality "1"]

1. e4 e6 2. d4 d5 3. Nd2 Nf6 4. e5 Nfd7 5. c3 c5 6. Bd3 Nc6 7. Ndf3 Qb6 8. Ne2 cxd4 9. cxd4 f6 10. exf6 Nxf6 11. 0-0 Bd6 12. a3 0-0 13. b4 e5 14. dxe5 Nxe5 15. Nxe5 Bxe5 16. Rb1 Ng4 17. Qe1 Bxh2+ 18. Kh1 Be5 19. f3 Ne3 20. Bxe3 Qxe3 21. f4 Rf6 0-1

[Event "Hamburg Seniors op 19th"]
[Site "Hamburg"]
[Date "2012.10.27"]
[Round "4"]
[White "Marquardt, Rolf"]
[Black "Schulz, Wolfgang"]
[Result "1/2-1/2"]
[WhiteElo "1693"]
[BlackElo "1924"]
[PlyCount "64"]
[EventDate "2012.10.24"]
[EventType "swiss"]
[EventRounds "9"]
[EventCountry "GER"]
[SourceTitle "EXT 2015"]
[Source "ChessBase"]
[SourceDate "2014.11.20"]
[SourceVersion "1"]
[SourceVersionDate "2014.11.20"]
[SourceQuality "1"]

1. d4 g6 2. Nf3 Nf6 3. Bf4 Bg7 4. Nbd2 0-0 5. e4 d6 6. Bd3 Nbd7 7. 0-0 Re8 8. Re1 e5 9. Be3 exd4 10. Bxd4 c5 11. Bc3 d5 12. exd5 Rxe1+ 13. Qxe1 Nb6 14. Ne4 c4 15. Nxf6+ Bxf6 16. Be4 Bxc3 17. Qxc3 f5 18. Re1 fxe4 19. Rxe4 Bf5 20. Re5 Nd7 21. Re2 Bg4 22. Qxc4 Bxf3 23. d6+ Kh8 24. gxf3 Qg5+ 25. Kf1 Rf8 26. f4 Qf6 27. Qc7 Rf7 28. Re7 Qxf4 29. Rxf7 Qxf7 30. Qxb7 Qc4+ 31. Kg2 Qg4+ 32. Kf1 Qd1+ 1/2-1/2

[Event "Hamburg-ch Seniors 18th"]
[Site "Hamburg"]
[Date "2011.11.02"]
[Round "5"]
[White "Gehrke, Rolf"]
[Black "Marquardt, Rolf"]
[Result "1-0"]
[WhiteElo "2087"]
[BlackElo "1831"]
[PlyCount "115"]
[EventDate "2011.10.29"]
[EventType "swiss"]
[EventRounds "9"]
[EventCountry "GER"]
[SourceTitle "EXT 2015"]
[Source "ChessBase"]
[SourceDate "2014.11.20"]
[SourceVersion "1"]
[SourceVersionDate "2014.11.20"]
[SourceQuality "1"]

1. Nf3 Nf6 2. c4 c6 3. Nc3 d5 4. d4 e6 5. e3 Nbd7 6. Bd3 dxc4 7. Bxc4 b5 8. Bb3 Be7 9. 0-0 0-0 10. Qe2 a6 11. e4 Bb7 12. Rd1 Re8 13. Bf4 Nf8 14. Rac1 Ng6 15. Be3 b4 16. e5 bxc3 17. exf6 Bxf6 18. bxc3 Qc7 19. Ng5 Rad8 20. Qh5 Bxg5 21. Bxg5 Rd7 22. Rd3 Nf4 23. Bxf4 Qxf4 24. Re1 g6 25. Qe2 Qc7 26. Rh3 c5 27. Ba4 Bc6 28. Qxa6 Bxa4 29. Qxa4 cxd4 30. cxd4 Red8 31. Qb3 Qf4 32. Rd3 Rxd4 33. Rxd4 Qxd4 34. g3 h5 35. h4 Rd5 36. Kg2 Qd2 37. Re3 Ra5 38. a3 Qd5+ 39. Qxd5 Rxd5 40. a4 e5 41. Ra3 Ra5 42. Kf3 f5 43. Ke3 Kf7 44. Kd3 g5 45. hxg5 Kg6 46. Kc4 Kxg5 47. Kb4 Ra8 48. a5 f4 49. Kc5 e4 50. Kb6 e3 51. gxf4+ Kxf4 52. fxe3+ Kg3 53. a6 h4 54. a7 h3 55. e4+ Kg2 56. Kb7 h2 57. Ra2+ Kg3 58. Rxh2 1-0

[Event "Hamburg-ch Seniors 18th"]
[Site "Hamburg"]
[Date "2011.10.31"]
[Round "3"]
[White "Bobzin, Volker"]
[Black "Marquardt, Rolf"]
[Result "0-1"]
[WhiteElo "1752"]
[BlackElo "1831"]
[PlyCount "70"]
[EventDate "2011.10.29"]
[EventType "swiss"]
[EventRounds "9"]
[EventCountry "GER"]
[SourceTitle "EXT 2015"]
[Source "ChessBase"]
[SourceDate "2014.11.20"]
[SourceVersion "1"]
[SourceVersionDate "2014.11.20"]
[SourceQuality "1"]

1. Nf3 d5 2. d4 Bf5 3. e3 e6 4. Bd3 Bg6 5. Ne5 Nf6 6. Nxg6 hxg6 7. Nd2 Bd6 8. h3 c6 9. e4 Bc7 10. e5 Nfd7 11. Qg4 Nf8 12. Nf3 Nbd7 13. Bg5 Qc8 14. Nh4 Nxe5 15. dxe5 Bxe5 16. c3 Bf6 17. Bxf6 gxf6 18. Nf3 Qc7 19. 0-0-0 a5 20. a4 0-0-0 21. Nd4 f5 22. Qe2 e5 23. Nb3 Ne6 24. g3 Rh7 25. h4 Rdh8 26. Rde1 e4 27. Bc2 f4 28. Qg4 Kb8 29. Nd4 Nxd4 30. cxd4 fxg3 31. Qxg3 Rh6 32. Re3 f5 33. Qxc7+ Kxc7 34. Reh3 g5 35. h5 f4 0-1

[Event "Hamburg-ch Seniors op 16th"]
[Site "Hamburg"]
[Date "2009.11.08"]
[Round "9"]
[White "Keuneke, Hanno"]
[Black "Marquardt, Rolf"]
[Result "0-1"]
[WhiteElo "1673"]
[BlackElo "1766"]
[PlyCount "42"]
[EventDate "2009.10.31"]
[EventType "swiss"]
[EventRounds "9"]
[EventCountry "GER"]
[SourceTitle "EXT 2022"]
[Source "ChessBase"]
[SourceDate "2021.10.06"]
[SourceVersion "1"]
[SourceVersionDate "2021.10.06"]
[SourceQuality "1"]

1. e4 e6 2. d4 d5 3. Nc3 Bb4 4. e5 c5 5. a3 Bxc3+ 6. bxc3 Ne7 7. Nf3 Qc7 8. Bb5+ Kf8 9. 0-0 c4 10. Ng5 h6 11. Nxf7 Kxf7 12. Qf3+ Kg6 13. h4 a6 14. h5+ Kh7 15. Be8 Rxe8 16. Bxh6 Kxh6 17. g4 Qd8 18. g5+ Kh7 19. g6+ Nxg6 20. hxg6+ Kxg6 21. Kh1 Rh8+ 0-1

[Event "Hamburg-ch Seniors op 15th"]
[Site "Hamburg"]
[Date "2008.10.29"]
[Round "3"]
[White "Marquardt, Rolf"]
[Black "Bobzin, Volker"]
[Result "1-0"]
[WhiteElo "1777"]
[BlackElo "1527"]
[PlyCount "109"]
[EventDate "2008.10.27"]
[EventType "swiss"]
[EventRounds "9"]
[EventCountry "GER"]
[SourceTitle "EXT 2022"]
[Source "ChessBase"]
[SourceDate "2021.10.06"]
[SourceVersion "1"]
[SourceVersionDate "2021.10.06"]
[SourceQuality "1"]

1. d4 Nf6 2. Bf4 d6 3. e3 Nbd7 4. Nf3 b6 5. Nbd2 Bb7 6. Bd3 g6 7. h3 Bg7 8. c3 0-0 9. Qc2 c5 10. 0-0 a6 11. a4 d5 12. Rfe1 c4 13. Bf1 Bc6 14. Ne5 Nxe5 15. Bxe5 Ne4 16. Bxg7 Kxg7 17. Nxe4 dxe4 18. Bxc4 e6 19. Qe2 Qd7 20. Bb3 b5 21. axb5 axb5 22. Qf1 Bd5 23. Bxd5 Qxd5 24. Rxa8 Rxa8 25. Ra1 Rxa1 26. Qxa1 Qb3 27. Qc1 h5 28. Qd2 f5 29. Kf1 g5 30. f3 Qd5 31. fxe4 Qxe4 32. Qe2 Kg6 33. Kf2 f4 34. exf4 Qxf4+ 35. Kg1 Qf5 36. g4 hxg4 37. hxg4 Qd5 38. Qe5 Qb3 39. Qe4+ Kf6 40. Qf3+ Kg6 41. Qe2 Qd5 42. Kf2 Qb3 43. Ke3 Kf6 44. Qf2+ Kg6 45. Qh2 Qd5 46. Qh5+ Kg7 47. Qh2 Kf6 48. Qh6+ Kf7 49. Qh7+ Kf6 50. Qe4 Ke7 51. Qxd5 exd5 52. Kd3 Kd7 53. Kc2 Kc6 54. Kb3 Kb7 55. Kb4 1-0